Normal view
MARC view
- Ortiz, Adalberto,
Entry Nombre Personal
001 - NUMERO DE CONTROL
- campo de control: 38120
003 - IDENTIFICADOR DE NUMERO DE CONTROL
- campo de control: UPN
005 - FECHA Y HORA DE LA ÜLTIMA TRANSACCIÓN
- campo de control: 20210219194532.0
008 - DATOS DE LONGITUD FIJA
- campo de control de longitud fija: nabaccnnaabn|||||||||| b |nc|||||d
035 ## - NUMERO DE CONTROL
- Número de control: UPN11000010227
040 ## - FUENTE DE CATALOGACIÓN
- Lenguaje de catalogación: SPA
- Agencia de transcripción: UPN
053 #4 - NÚMERO DE CLASIFICACIÓN LC
- Número de clasificación elemento-número único o número inicial de tramo: PQ8219 O7.5
100 1# - ENCABEZAMIENTO - NOMBRE PERSONAL
- Nombre personal: Ortiz, Adalberto,
- Fechas asociadas con el nombre: 1914-2003
670 ## - FUENTE EN LA QUE SE LOCALIZARON DATOS
- Cita de la fuente: LC/P
680 ## - NOTA PUBLICA DE ACCESO PÚBLICO
- Frase explicativa de la referencia: Narrador y poeta indigenista ecuatoriano, representante de la negritud ecuatoriana, cuya obra explora en el mundo, la cultura y los problemas de esa minoría étnica de su país, limitada a la franja costera de Guayaquil.
902 ## - CATALOGADOR
- Catalogador: MITM/250116
